000
00406nam a2200145Ia 4500
008
100122s9999 xx 000 0 und d
082
_b
65657
_a
823.08
100
_a
दिवाण वृंदा
245
_a
चढ उतार
260
_b
अक्षता पब्लिकेशन
_c
2004
300
_a
208
630
_a
चढ उतार
730
_a
चढ उतार
942
_c
BOOK
999
_c
438580
_d
438577